A theoretical and empirical argument for centralized regional sewer planning (Record no. 17101)

000 -LEADER
fixed length control field 00450pab a2200157 454500
008 - FIXED-LENGTH DATA ELEMENTS--GENERAL INFORMATION
fixed length control field 180718b1987 xxu||||| |||| 00| 0 eng d
100 ## - MAIN ENTRY--PERSONAL NAME
Personal name Nelson, Arthur C.
245 ## - TITLE STATEMENT
Title A theoretical and empirical argument for centralized regional sewer planning
260 ## - PUBLICATION, DISTRIBUTION, ETC.
Date of publication, distribution, etc. 1987
300 ## - PHYSICAL DESCRIPTION
Extent 479-86
362 ## - DATES OF PUBLICATION AND/OR SEQUENTIAL DESIGNATION
Dates of publication and/or sequential designation Autumn
650 ## - SUBJECT ADDED ENTRY--TOPICAL TERM
Topical term or geographic name entry element Regional Planning
700 ## - ADDED ENTRY--PERSONAL NAME
Personal name Gerrit J. Knaap
773 ## - HOST ITEM ENTRY
Main entry heading Journal of the American Planning Association
909 ## -
-- 17101
Holdings
Withdrawn status Lost status Damaged status Not for loan Permanent Location Current Location Date acquired Serial Enumeration / chronology Barcode Date last seen Price effective from Koha item type
        Indian Institute of Public Administration Indian Institute of Public Administration 2018-07-19 Volume no: 53, Issue no: 4 AR17161 2018-07-19 2018-07-19 Articles

Powered by Koha